000
00347nam a2200169Ia 4500
100
_a
David Flanagan
650
_a
Java
942
_c
RB
366
_f
20
654
_a
javascript
245
_a
Javascript-The Definitive Guide
260
_b
Orielly
_c
2002
082
_a
005.133J/DAV
_b
DAV
300
_a
916
546
_a
ENGLISH
999
_c
34683
_d
34683